000
00257nam a2200097Ia 4500
001
640766
005
20250826153453.0
008
250824s9999 xx 000 0 und d
245
0
_a
YASAK ŞEHİR HAZİN GÖÇ
_c
AHMET YILMAZ BOYUNAĞA
260
_b
GENÇ TİMAŞ
999
_c
640766
_d
640766